000 00594nam a2200253Ia 4500
005 20260121161135.0
008 008 260114s9999 xx 000 0 eng d
020 _a9781003244851
037 _aEBOOK
040 _aCRL
040 _beng
040 _cCRL
041 _2eng
041 _aeng
084 _qCRL
100 _a Michael Prawdin
_91040719
245 4 _aThe Unmentionable Nechaev
260 _bTaylor and Francis
260 _c1961
856 _uhttp://www.taylorfrancis.com/books/9781003244851
942 _cEBOOK
999 _c1607535
_d1607535